Komparácia kapitálového životného poistenia v podmienkach Slovenskej republiky a vo vyspelých trhových ekonomikách dizertačná práca
Gespeichert in:
| 1. Verfasser: | |
|---|---|
| Körperschaft: | |
| Weitere Verfasser: | |
| Format: | Buch |
| Sprache: | Slowakisch |
| Veröffentlicht: |
Bratislava
2006
|
| Schlagworte: | |
| Tags: |
Keine Tags, Fügen Sie das erste Tag hinzu!
|
MARC
| LEADER | 00000nam$a2200000$$$4500 | ||
|---|---|---|---|
| 001 | 0054912 | ||
| 005 | 20251202134254.9 | ||
| 041 | 0 | |a slo | |
| 044 | |a SK | ||
| 245 | 1 | 0 | |a Komparácia kapitálového životného poistenia v podmienkach Slovenskej republiky a vo vyspelých trhových ekonomikách |b dizertačná práca |c Zuzana Littvová ; školiteľ: Anna Majtánová |
| 264 | 1 | |a Bratislava |c 2006 | |
| 300 | |a 138 s. | ||
| 610 | 2 | 0 | |a kapitál |
| 610 | 2 | 0 | |a poistenie životné |
| 610 | 2 | 0 | |a analýzy |
| 610 | 2 | 0 | |a Slovensko |
| 610 | 2 | 0 | |a rezervy technické |
| 610 | 2 | 0 | |a miera úroková |
| 610 | 2 | 0 | |a trh poistný |
| 610 | 2 | 0 | |a trh kapitálový |
| 610 | 2 | 0 | |a zdaňovanie medzinárodné |
| 610 | 2 | 0 | |a úmrtnosť |
| 610 | 2 | 0 | |a podiely na zisku |
| 100 | 1 | |a Littvová, Zuzana | |
| 700 | 1 | |a Majtánová, Anna | |
| 710 | 2 | |a Národohospodárska fakulta EU. Katedra poisťovníctva | |